El origen de la familia, la propiedad privada y el Estado / (Record no. 108543)

MARC details
000 -CABECERA
campo de control de longitud fija 00667nam a2200229 a 4500
005 - FECHA Y HORA DE LA ÚLTIMA TRANSACCIÓN
campo de control 20240924070127.0
008 - ELEMENTOS DE LONGITUD FIJA--INFORMACIÓN GENERAL
campo de control de longitud fija 991125s2001 mx 000 0 spa u
020 ## - NÚMERO INTERNACIONAL NORMALIZADO PARA LIBROS
Número Internacional Estándar del Libro 9688671266
035 ## - NÚMERO DE CONTROL DEL SISTEMA
Número de control de sistema UPN01000136392
049 ## - COLECCIÓN
Colección CG
050 #4 - SIGNATURA TOPOGRÁFICA DE LA BIBLIOTECA DEL CONGRESO
Número de clasificación HQ504
Número de documento/Ítem E5.68g
100 1# - ASIENTO PRINCIPAL--NOMBRE PERSONAL
Nombre de persona Engels, Friedrich,
Fechas asociadas al nombre 1820-1895
245 13 - MENCIÓN DE TÍTULO
Título El origen de la familia, la propiedad privada y el Estado /
Mención de responsabilidad, etc. Federico Engels.
260 ## - PUBLICACIÓN, DISTRIBUCIÓN, ETC.
Lugar de publicación, distribución, etc. México :
Nombre del editor, distribuidor, etc. Colofón,
Fecha de publicación, distribución, etc. 2001.
300 ## - DESCRIPCIÓN FÍSICA
Extensión 207 p.
440 #0 - MENCIÓN DE SERIE/ASIENTO SECUNDARIO--TÍTULO
Título Sociología
600 14 - ASIENTO SECUNDARIO DE MATERIA - NOMBRE PERSONAL
Nombre de persona MORGAN, LEWIS HENRY,
Fechas asociadas al nombre 1818-1881
650 #4 - ASIENTO SECUNDARIO DE MATERIA - TERMINO TEMATICO
Término de materia o nombre geográfico como elemento de entrada Estado
9 (RLIN) 6019
650 #4 - ASIENTO SECUNDARIO DE MATERIA - TERMINO TEMATICO
Término de materia o nombre geográfico como elemento de entrada Familias
Subdivisión general Historia
9 (RLIN) 20778
650 #4 - ASIENTO SECUNDARIO DE MATERIA - TERMINO TEMATICO
Término de materia o nombre geográfico como elemento de entrada Sociedades primitivas
9 (RLIN) 14809
905 ## - TIPO DE MATERIAL
Tipo de material Libro
Holdings
Estado de retiro Estado de pérdida Fuente del sistema de clasificación o colocación Estado dañado No para préstamo Código de colección Localización permanente Ubicación/localización actual Ubicación en estantería Fecha de adquisición Total de préstamos Renovaciones totales Clasificación Código de barras Fecha visto por última vez Fecha del último préstamo Número de copia Tipo de ítem Koha
    Library of Congress Classification     Colección General Bib. Gregorio Torres Quintero Bib. Gregorio Torres Quintero Planta baja 18/08/2022 81 2 HQ504 E5.68g 210332 17/04/2026 14/04/2026 1 Libro